[Event "Ostersund Storsjodraget op"]
[Site "Ostersund"]
[Date "2024.06.14"]
[Round "2"]
[White "Grahn, Vidar"]
[Black "Pettersson, Tobias"]
[Result "1-0"]
[WhiteElo "2264"]
[BlackElo "2047"]
[PlyCount "101"]
[EventDate "2024.06.14"]
[EventType "swiss"]
[EventRounds "7"]
[EventCountry "SWE"]
[SourceTitle "CBM 220 Extra"]
[Source "ChessBase"]
[SourceDate "2024.07.31"]
[SourceVersion "1"]
[SourceVersionDate "2024.07.31"]
[SourceQuality "1"]

1. d4 d6 2. Nf3 Nf6 3. c4 g6 4. g3 Bg7 5. Bg2 0-0 6. Nc3 Nc6 7. 0-0 Bf5 8. d5 Na5 9. b3 c5 10. Nh4 Bd7 11. Bb2 a6 12. e4 Rb8 13. f4 Ng4 14. Qd2 Ne3 15. Rfe1 Nxg2 16. Kxg2 b5 17. cxb5 axb5 18. e5 b4 19. Ne4 dxe5 20. Nxc5 exf4 21. Bxg7 Kxg7 22. Qxf4 Nb7 23. Na6 Rc8 24. Nxb4 Re8 25. Rac1 Qa5 26. Rxc8 Bxc8 27. Qd4+ Kg8 28. a4 Nd6 29. Nf3 Nf5 30. Qd2 Bb7 31. Nc6 Qb6 32. g4 Bxc6 33. dxc6 Ng7 34. Qc3 Ne6 35. b4 Nf4+ 36. Kg3 Nd5 37. Qd4 Qxc6 38. Ne5 Qd6 39. Rd1 Nxb4 40. Qxd6 exd6 41. Nf3 d5 42. Rd4 Rb8 43. Ne5 f6 44. Nd7 Rd8 45. Nxf6+ Kf7 46. Nxh7 Nc2 47. Rf4+ Ke7 48. Ng5 d4 49. Rf7+ Kd6 50. Rf2 d3 51. Nf7+ 1-0

[Event "Ostersund Storsjodraget op"]
[Site "Ostersund"]
[Date "2022.06.10"]
[Round "3"]
[White "Pettersson, Tobias"]
[Black "Lilliehook, Victor"]
[Result "1-0"]
[WhiteElo "2035"]
[BlackElo "1648"]
[PlyCount "131"]
[EventDate "2022.06.10"]
[EventType "swiss"]
[EventRounds "7"]
[EventCountry "SWE"]
[SourceTitle "CBM 208 Extra"]
[Source "ChessBase"]
[SourceDate "2022.07.31"]
[SourceVersion "1"]
[SourceVersionDate "2022.07.31"]
[SourceQuality "1"]

1. d4 Nf6 2. c4 e6 3. Nf3 b6 4. a3 Bb7 5. g3 Be7 6. Bg2 0-0 7. Nc3 d5 8. 0-0 c5 9. dxc5 bxc5 10. e3 dxc4 11. Qa4 Qd7 12. Qc2 Qd3 13. Qa4 Ne4 14. Rd1 Nxc3 15. bxc3 Qxc3 16. Bd2 Qb3 17. Qxb3 cxb3 18. Rab1 c4 19. Bb4 Bxb4 20. axb4 Be4 21. Rb2 Na6 22. Rd4 Bd3 23. Ne1 e5 24. Rxd3 cxd3 25. Bxa8 Rxa8 26. Nxd3 e4 27. Nc5 Nxc5 28. bxc5 Rb8 29. c6 Kf8 30. c7 Rc8 31. Rxb3 Rxc7 32. Ra3 Ke7 33. Ra6 f5 34. h4 g6 35. Kf1 Kd7 36. Ke2 Kc8 37. h5 Kb7 38. Rf6 Rg7 39. h6 Rd7 40. Rf8 g5 41. Rg8 Rd6 42. Rg7+ Ka6 43. Rxh7 Ka5 44. Rf7 Kb6 45. h7 Rh6 46. Rxf5 Rxh7 47. Rxg5 Re7 48. Kd2 a5 49. Kc3 Rf7 50. Re5 Rxf2 51. Rxe4 Rg2 52. g4 a4 53. Rxa4 Rg3 54. Kd3 Kc6 55. Rd4 Kc5 56. Ke2 Kc6 57. Kf2 Rh3 58. g5 Rh7 59. Kf3 Rg7 60. Kf4 Rg8 61. Kg4 Re8 62. e4 Kc5 63. Rd5+ Kc6 64. Kf5 Rg8 65. g6 Re8 66. g7 1-0

[Event "Norrkoeping Easter op"]
[Site "Norrkoeping"]
[Date "2022.04.15"]
[Round "2"]
[White "Pantzar, Milton"]
[Black "Pettersson, Tobias"]
[Result "1-0"]
[WhiteElo "2432"]
[BlackElo "2064"]
[PlyCount "121"]
[EventDate "2022.04.15"]
[EventType "swiss"]
[EventRounds "8"]
[EventCountry "SWE"]
[SourceTitle "CBM 207 Extra"]
[Source "ChessBase"]
[SourceDate "2022.05.31"]
[SourceVersion "1"]
[SourceVersionDate "2022.05.31"]
[SourceQuality "1"]

1. Nf3 Nf6 2. e3 g6 3. b4 Bg7 4. Bb2 0-0 5. c4 d6 6. Be2 e5 7. d3 Nc6 8. b5 Ne7 9. Nc3 Re8 10. 0-0 a5 11. Qc2 b6 12. Nd2 Bb7 13. Nde4 Nxe4 14. dxe4 f5 15. Bf3 Rf8 16. Rac1 f4 17. Nd5 Bh6 18. Qe2 Bc8 19. Bc3 g5 20. Bg4 Ng6 21. Rfd1 Rf7 22. Bb2 Qf8 23. Ba3 f3 24. Bxf3 Qg7 25. Bg4 Nf8 26. Bxc8 Rxc8 27. Qg4 Rd8 28. g3 Qg6 29. Rf1 Bg7 30. h4 gxh4 31. Qxh4 Bf6 32. Nxf6+ Rxf6 33. Kg2 Ne6 34. Rh1 Rdf8 35. Rcf1 Ng5 36. Qg4 Nxe4 37. Qxg6+ hxg6 38. f4 exf4 39. gxf4 g5 40. Bb2 Rf5 41. Rfg1 gxf4 42. Kf3+ Ng5+ 43. Ke2 f3+ 44. Kf2 Kf7 45. Rh4 Re8 46. Rgg4 Kg6 47. Bd4 Rf7 48. e4 Rfe7 49. Be3 Re5 50. Bxg5 Rxg5 51. Kxf3 Rf8+ 52. Ke3 Rf1 53. Rxg5+ Kxg5 54. Rh7 Ra1 55. Rxc7 Rxa2 56. Rc6 Rc2 57. Kd3 Rc1 58. Rxd6 a4 59. Rxb6 a3 60. Ra6 Rh1 61. Kd4 1-0

[Event "Hell op"]
[Site "Hell"]
[Date "2019.08.11"]
[Round "10"]
[White "Dahl, Trygve"]
[Black "Pettersson, Tobias"]
[Result "1-0"]
[WhiteElo "2241"]
[BlackElo "2134"]
[PlyCount "99"]
[EventDate "2019.08.03"]
[EventType "swiss"]
[EventRounds "10"]
[EventCountry "NOR"]
[SourceTitle "CBM 191 Extra"]
[Source "ChessBase"]
[SourceDate "2019.09.30"]
[SourceVersion "1"]
[SourceVersionDate "2019.09.30"]
[SourceQuality "1"]

1. e4 d5 2. exd5 Qxd5 3. Nf3 Bg4 4. Be2 Nf6 5. 0-0 c6 6. d4 e6 7. Be3 Be7 8. c4 Qd8 9. Nc3 0-0 10. Qd2 Nbd7 11. Rfd1 Qc7 12. Rac1 Rad8 13. d5 exd5 14. cxd5 Bxf3 15. Bxf3 Ne5 16. Qe2 Qa5 17. dxc6 bxc6 18. Bf4 Nxf3+ 19. Qxf3 Qf5 20. Be3 Qxf3 21. gxf3 a6 22. Re1 Nd5 23. Nxd5 cxd5 24. Bd4 Bd6 25. Rc6 a5 26. Bb6 Bb4 27. Rd1 Rde8 28. a3 Re1+ 29. Rxe1 Bxe1 30. Rd6 h6 31. Be3 a4 32. Rxd5 Ra8 33. Bb6 Rb8 34. Bd4 Ra8 35. Kf1 Ba5 36. Ke2 Bc7 37. h3 Rd8 38. Rxd8+ Bxd8 39. Kd3 g5 40. Kc4 Kh7 41. Kb5 Kg6 42. Kxa4 Kh5 43. Kb5 Kh4 44. a4 Kxh3 45. b4 f5 46. a5 h5 47. a6 Bc7 48. a7 Bf4 49. a8Q Kg2 50. Qc8 1-0

[Event "Hell op"]
[Site "Hell"]
[Date "2019.08.05"]
[Round "4"]
[White "Pettersson, Tobias"]
[Black "Lund, Terje"]
[Result "0-1"]
[WhiteElo "2134"]
[BlackElo "2087"]
[PlyCount "158"]
[EventDate "2019.08.03"]
[EventType "swiss"]
[EventRounds "10"]
[EventCountry "NOR"]
[SourceTitle "CBM 191 Extra"]
[Source "ChessBase"]
[SourceDate "2019.09.30"]
[SourceVersion "1"]
[SourceVersionDate "2019.09.30"]
[SourceQuality "1"]

1. d4 Nf6 2. Nc3 d5 3. Bf4 c6 4. e3 Bf5 5. f3 e6 6. g4 Bg6 7. h4 h5 8. g5 Ng8 9. Bd3 Ne7 10. Nge2 Nf5 11. Qd2 Nd7 12. 0-0-0 Bb4 13. e4 Ne7 14. a3 Ba5 15. Bd6 dxe4 16. fxe4 Bc7 17. Qf4 Bxd6 18. Qxd6 Qb8 19. Qf4 Qxf4+ 20. Nxf4 e5 21. Nxg6 Nxg6 22. d5 Nf4 23. Bf1 Rd8 24. Ne2 Ng6 25. Ng3 Nf4 26. dxc6 bxc6 27. Rd6 Nb8 28. Nf5 g6 29. Rxd8+ Kxd8 30. Nd6 Ke7 31. Nc4 Ke6 32. Bh3+ Nxh3 33. Rxh3 Rd8 34. Rf3 f5 35. gxf6 Rf8 36. f7 Nd7 37. Rd3 Rxf7 38. Rd6+ Ke7 39. Rxg6 Rf4 40. Ne3 Nf6 41. Nf5+ Ke6 42. Rh6 Kf7 43. b4 Nxe4 44. Nd6+ Kg7 45. Re6 Nxd6 46. Rxd6 Rxh4 47. Rxc6 Rf4 48. Re6 Rf5 49. Re7+ Kg6 50. Rxa7 h4 51. Rd7 h3 52. Rd1 h2 53. Kd2 Rf2+ 54. Kd3 Kf5 55. Ke3 Rxc2 56. Rf1+ Ke6 57. Rh1 Rb2 58. Kd3 Kd5 59. Kc3 Rg2 60. a4 Rg3+ 61. Kd2 Rh3 62. a5 Kc6 63. Ke2 Kb5 64. Kf2 Kxb4 65. a6 Ra3 66. Kg2 Rxa6 67. Rb1+ Kc3 68. Kxh2 Rg6 69. Rd1 e4 70. Rd8 e3 71. Rc8+ Kd2 72. Rd8+ Ke1 73. Kh3 e2 74. Rd7 Rg5 75. Kh2 Kf2 76. Rf7+ Ke3 77. Re7+ Kf3 78. Re8 Rg4 79. Re7 Re4 0-1

[Event "Stockholm All Saints op"]
[Site "Stockholm"]
[Date "2013.11.02"]
[Round "6"]
[White "Bellon Lopez, Juan Manuel"]
[Black "Pettersson, Tobias"]
[Result "1-0"]
[WhiteElo "2378"]
[BlackElo "2104"]
[PlyCount "83"]
[EventDate "2013.10.31"]
[EventType "swiss"]
[EventRounds "7"]
[EventCountry "SWE"]
[SourceTitle "EXT 2014"]
[Source "ChessBase"]
[SourceDate "2013.11.20"]
[SourceVersion "1"]
[SourceVersionDate "2013.11.20"]
[SourceQuality "1"]

1. d4 d6 2. Nf3 Nf6 3. Bf4 g6 4. e3 Bg7 5. h3 0-0 6. c3 c5 7. Bc4 Nc6 8. 0-0 b6 9. Nbd2 Bb7 10. Qe2 Rc8 11. Rad1 Qc7 12. a3 Nd7 13. Bh2 a5 14. Rc1 Qb8 15. Rfd1 Qa8 16. Ng5 Nd8 17. f4 h6 18. Ngf3 Nf6 19. Ba2 Ne4 20. Nxe4 Bxe4 21. d5 c4 22. Bxc4 b5 23. Ba2 b4 24. c4 bxa3 25. bxa3 Nb7 26. Nd4 Nc5 27. Bg3 Rc7 28. Be1 Qa6 29. Bb1 Rb8 30. Nb5 Rcc8 31. Bc3 Bxb1 32. Rxb1 Bxc3 33. Nxc3 Nb3 34. Nb5 a4 35. f5 Kg7 36. Rf1 Rxb5 37. cxb5 Qb7 38. fxg6 f6 39. Rbd1 Rc5 40. Qg4 Qxb5 41. Qe6 Qe8 42. Rxf6 1-0

[Event "Stockholm All Saints op"]
[Site "Stockholm"]
[Date "2013.11.02"]
[Round "5"]
[White "Pettersson, Tobias"]
[Black "Akesson, Ralf"]
[Result "1-0"]
[WhiteElo "2104"]
[BlackElo "2465"]
[PlyCount "81"]
[EventDate "2013.10.31"]
[EventType "swiss"]
[EventRounds "7"]
[EventCountry "SWE"]
[SourceTitle "EXT 2014"]
[Source "ChessBase"]
[SourceDate "2013.11.20"]
[SourceVersion "1"]
[SourceVersionDate "2013.11.20"]
[SourceQuality "1"]

1. Nf3 g6 2. g3 Bg7 3. Bg2 f5 4. 0-0 e5 5. d3 Nc6 6. e4 fxe4 7. dxe4 Nf6 8. Qe2 d6 9. h3 Be6 10. c3 Qd7 11. Kh2 h6 12. Nbd2 Qf7 13. Nh4 0-0 14. b3 Ne7 15. Nc4 g5 16. Nf5 Nxf5 17. exf5 Bxc4 18. bxc4 e4 19. f4 exf3 20. Bxf3 Rae8 21. Qd3 b6 22. Bc6 Re5 23. Be3 Kh8 24. Bd4 Qe7 25. Bxe5 dxe5 26. Rad1 e4 27. Rfe1 Qa3 28. Bxe4 Qxa2+ 29. Bg2 Qf2 30. Re6 a5 31. Rc6 Ne8 32. Rf1 Qb2 33. f6 Nxf6 34. Rxc7 Nh7 35. Rff7 Rxf7 36. Rxf7 Nf8 37. Qe3 Kg8 38. Rf2 Qa3 39. Bd5+ Kh8 40. Qe8 Kh7 41. Qf7 1-0

[Event "Stockholm All Saints op"]
[Site "Stockholm"]
[Date "2013.10.31"]
[Round "2"]
[White "Gundersen, Ingvar"]
[Black "Pettersson, Tobias"]
[Result "0-1"]
[WhiteElo "1775"]
[BlackElo "2104"]
[PlyCount "72"]
[EventDate "2013.10.31"]
[EventType "swiss"]
[EventRounds "7"]
[EventCountry "SWE"]
[SourceTitle "EXT 2014"]
[Source "ChessBase"]
[SourceDate "2013.11.20"]
[SourceVersion "1"]
[SourceVersionDate "2013.11.20"]
[SourceQuality "1"]

1. e4 d6 2. d4 Nf6 3. Nc3 c6 4. Bd3 e5 5. Nge2 Qb6 6. dxe5 dxe5 7. 0-0 Be7 8. Be3 Qxb2 9. Rb1 Qa3 10. Rb3 Qa5 11. Qb1 0-0 12. Kh1 b5 13. f4 Ng4 14. Bg1 Be6 15. h3 Bxb3 16. axb3 b4 17. Na4 Nf6 18. fxe5 Qxe5 19. Bh2 Qa5 20. Rf5 Qd8 21. e5 Nd5 22. Qe1 g6 23. Qf2 Nd7 24. Bg3 N7b6 25. Qf3 Nxa4 26. bxa4 Qd7 27. Rh5 f5 28. exf6 Bxf6 29. Rf5 gxf5 30. Bxf5 Qg7 31. Bd6 Rfe8 32. Ng3 Re1+ 33. Kh2 Be5 34. Bxe5 Qxe5 35. Qg4+ Kh8 36. Qh5 Nf6 0-1

[Event "Narvik Rallarsjakken A"]
[Site "Narvik"]
[Date "2012.04.20"]
[Round "4"]
[White "Pettersson, Tobias"]
[Black "Rolvag, Mikael"]
[Result "1/2-1/2"]
[WhiteElo "2135"]
[BlackElo "2201"]
[PlyCount "52"]
[EventDate "2012.04.20"]
[EventType "swiss"]
[EventRounds "5"]
[EventCountry "NOR"]
[SourceTitle "EXT 2024"]
[Source "ChessBase"]
[SourceDate "2023.10.10"]
[SourceVersion "1"]
[SourceVersionDate "2023.10.10"]
[SourceQuality "1"]

1. d3 c5 2. g3 g6 3. Bg2 Bg7 4. c4 Nc6 5. Nc3 e5 6. e4 Nge7 7. Nge2 0-0 8. 0-0 d6 9. h3 f5 10. f4 Be6 11. Nd5 Qd7 12. Kh2 Rf7 13. Nxe7+ Rxe7 14. exf5 gxf5 15. Rb1 Rf8 16. b3 Bf7 17. Bf3 Kh8 18. Bb2 Bg6 19. Qd2 Qe8 20. Rbe1 b6 21. a3 Qc8 22. b4 Rfe8 23. b5 Nd4 24. Nxd4 cxd4 25. Bc6 Rd8 26. a4 Rf7 1/2-1/2

[Event "SWE-chT2 1112"]
[Site "Sweden"]
[Date "2012.01.14"]
[Round "4"]
[White "Lagerborg, Krister"]
[Black "Pettersson, Tobias"]
[Result "1-0"]
[WhiteElo "2009"]
[BlackElo "2127"]
[PlyCount "81"]
[EventDate "2011.10.22"]
[EventType "team-tourn"]
[EventRounds "9"]
[EventCountry "SWE"]
[SourceTitle "EXT 2013"]
[Source "ChessBase"]
[SourceDate "2012.11.22"]
[SourceVersion "1"]
[SourceVersionDate "2012.11.22"]
[SourceQuality "1"]
[WhiteTeam "Farsta"]
[BlackTeam "Lulea"]
[WhiteTeamCountry "SWE"]
[BlackTeamCountry "SWE"]

1. e4 d6 2. d4 Nf6 3. f3 g6 4. c4 Bg7 5. Nc3 0-0 6. Be3 a6 7. Bd3 Nc6 8. Nge2 h5 9. Qd2 Nh7 10. 0-0 e5 11. d5 Nd4 12. Bb1 Nxe2+ 13. Nxe2 Bf6 14. a3 b6 15. b4 a5 16. Bd3 Bg5 17. Nc3 Bxe3+ 18. Qxe3 Nf6 19. Qg5 Bd7 20. c5 dxc5 21. bxc5 Qe7 22. c6 Bc8 23. Qe3 Ba6 24. Bxa6 Rxa6 25. Nb5 Ne8 26. f4 exf4 27. Rxf4 Ra8 28. e5 Rd8 29. Rd1 Nd6 30. Nxd6 Rxd6 31. Qd4 Rdd8 32. d6 Qe8 33. d7 Qe7 34. a4 Rb8 35. Qd5 Qa3 36. Re4 Rbd8 37. e6 fxe6 38. Rxe6 Kg7 39. Qe5+ Kh6 40. h4 Rf5 41. Qxf5 1-0

[Event "SWE-chT2 1011"]
[Site "Sweden"]
[Date "2010.10.23"]
[Round "1"]
[White "Lind, Jan Olov"]
[Black "Pettersson, Tobias"]
[Result "0-1"]
[WhiteElo "2215"]
[BlackElo "2127"]
[PlyCount "100"]
[EventDate "2010.10.23"]
[EventType "team-tourn"]
[EventRounds "9"]
[EventCountry "SWE"]
[SourceTitle "EXT 2012"]
[Source "ChessBase"]
[SourceDate "2011.11.24"]
[SourceVersion "1"]
[SourceVersionDate "2011.11.24"]
[SourceQuality "1"]
[WhiteTeam "Orebro"]
[BlackTeam "Lulea"]
[WhiteTeamCountry "SWE"]
[BlackTeamCountry "SWE"]

1. e4 d6 2. d4 Nf6 3. Nc3 c6 4. a4 Nbd7 5. Nf3 e5 6. dxe5 dxe5 7. Bc4 Be7 8. 0-0 0-0 9. Qe2 b6 10. Bg5 Nh5 11. Bxe7 Qxe7 12. Ba6 Nf4 13. Qc4 Bxa6 14. Qxa6 Qb4 15. Rfb1 Nc5 16. Qf1 Nxe4 17. Nxe4 Qxe4 18. Re1 Qxc2 19. Nxe5 Rfe8 20. g3 Ng6 21. Re2 Qc5 22. Rc1 Qe7 23. Rce1 Nxe5 24. Rxe5 Qxe5 25. Rxe5 Rxe5 26. Qd3 Rd5 27. Qc4 Rc8 28. Qe4 Rcd8 29. Kg2 g6 30. Qc4 Rc5 31. Qe2 Rd4 32. b3 a5 33. h4 h5 34. Qe7 Rd2 35. Qe8+ Kg7 36. Qe3 Rdc2 37. Qd4+ Kh7 38. Kh3 Rf5 39. f4 Rd5 40. Qxb6 Rdd2 41. Qg1 c5 42. Qh1 Rb2 43. Qg1 Kg7 44. Qh1 Rxb3 45. f5 gxf5 46. Qc1 Rbb2 47. Qc3+ f6 48. g4 hxg4+ 49. Kg3 Rg2+ 50. Kf4 Rbf2+ 0-1

[Event "Arctic Chess Challenge"]
[Site "Tromsoe"]
[Date "2010.08.06"]
[Round "7"]
[White "Gholami, Armin"]
[Black "Pettersson, Tobias"]
[Result "0-1"]
[WhiteElo "1836"]
[BlackElo "2135"]
[PlyCount "102"]
[EventDate "2010.07.31"]
[EventType "swiss"]
[EventRounds "9"]
[EventCountry "NOR"]
[SourceTitle "CBM 137 Extra"]
[Source "ChessBase"]
[SourceDate "2010.09.01"]
[SourceVersion "1"]
[SourceVersionDate "2010.09.01"]
[SourceQuality "1"]

1. d4 d6 2. Nf3 g6 3. g3 Bg7 4. Bg2 Nf6 5. 0-0 0-0 6. c4 Nc6 7. b3 a6 8. Bb2 Rb8 9. Nbd2 Re8 10. d5 Na7 11. a4 e5 12. e4 Bg4 13. Qc2 c5 14. Rfb1 a5 15. Nf1 Bh6 16. Bc1 Bxc1 17. Rxc1 Nc8 18. Ne3 Bd7 19. Nd2 Nh5 20. Rf1 Qg5 21. Nf3 Qh6 22. h4 Nxg3 23. fxg3 Qxe3+ 24. Rf2 Qh6 25. Raf1 f6 26. Nh2 f5 27. Bh3 Ne7 28. exf5 Bxf5 29. Bxf5 Nxf5 30. Ng4 Qg7 31. Qd2 b6 32. Rxf5 gxf5 33. Rxf5 Kh8 34. Rg5 Qe7 35. Nh6 Rf8 36. Nf5 Qf6 37. g4 Rg8 38. Kf1 Rg6 39. Rxg6 Qxg6 40. Qh6 Qxh6 41. Nxh6 Rf8+ 42. Ke2 Kg7 43. g5 Kg6 44. Ng4 Rf4 45. Nh6 Rxh4 46. Ng8 Kxg5 47. Ne7 Kf4 48. Nc8 Rh2+ 49. Kf1 e4 50. Nxd6 e3 51. Nf7 e2+ 0-1

[Event "Narvik Rallarsjakken-A"]
[Site "Narvik"]
[Date "2010.04.16"]
[Round "3"]
[White "Johansson, Anders"]
[Black "Pettersson, Tobias"]
[Result "0-1"]
[WhiteElo "2071"]
[BlackElo "2142"]
[PlyCount "42"]
[EventDate "2010.04.16"]
[EventType "swiss"]
[EventRounds "5"]
[EventCountry "NOR"]
[SourceTitle "EXT 2012"]
[Source "ChessBase"]
[SourceDate "2011.11.24"]
[SourceVersion "1"]
[SourceVersionDate "2011.11.24"]
[SourceQuality "1"]

1. d4 Nf6 2. Nf3 e6 3. g3 c5 4. c3 b6 5. Bg2 Bb7 6. Nbd2 h5 7. Nh4 Nc6 8. e3 Be7 9. 0-0 Qc7 10. Qc2 Rc8 11. dxc5 bxc5 12. Rd1 Ng4 13. Nhf3 h4 14. Nf1 hxg3 15. fxg3 c4 16. Qe2 Qa5 17. e4 Qh5 18. Nd4 Bc5 19. Bf3 Nce5 20. Kh1 Nxf3 21. Qxf3 Bxe4 0-1

[Event "Arctic Chess Challenge"]
[Site "Tromsoe"]
[Date "2009.08.09"]
[Round "9"]
[White "Pettersson, Tobias"]
[Black "Maiorov, Daniel"]
[Result "1-0"]
[WhiteElo "2138"]
[BlackElo "1930"]
[PlyCount "141"]
[EventDate "2009.08.01"]
[EventType "swiss"]
[EventRounds "9"]
[EventCountry "NOR"]
[SourceTitle "CBM 131 Extra"]
[Source "ChessBase"]
[SourceDate "2009.09.03"]
[SourceVersion "2"]
[SourceVersionDate "2009.09.16"]
[SourceQuality "1"]

1. Nf3 Nf6 2. g3 Nc6 3. d4 e6 4. Bg2 d5 5. 0-0 Bd6 6. c4 0-0 7. Nc3 Re8 8. Bg5 dxc4 9. Qa4 h6 10. Bxf6 Qxf6 11. Ne5 Rb8 12. Nxc6 Bd7 13. Qxc4 bxc6 14. Ne4 Qf5 15. b3 Rb6 16. e3 e5 17. Rad1 exd4 18. Qxd4 c5 19. Nxd6 cxd6 20. Qc3 Ra6 21. Rd2 Qe5 22. Qc4 Rb6 23. Rfd1 Bb5 24. Qg4 Rd8 25. Rd5 Qe7 26. Qf4 Ba6 27. e4 Bb7 28. R5d2 f6 29. h4 Qe5 30. Qg4 Kf7 31. f4 Qe6 32. Qh5+ Kf8 33. Qg6 Re8 34. Re1 Rb4 35. Rde2 Qf7 36. Qg4 Qe6 37. Qf3 f5 38. exf5 Bxf3 39. Rxe6 Rxe6 40. Rxe6 Bxg2 41. Kxg2 Rd4 42. f6 gxf6 43. Rxf6+ Kg7 44. Re6 Rd2+ 45. Kf3 Rxa2 46. Rxd6 Ra3 47. Rc6 Rxb3+ 48. Kg4 Rc3 49. h5 a5 50. Rg6+ Kh7 51. Ra6 Ra3 52. Ra7+ Kg8 53. Kf5 Rxg3 54. Rxa5 c4 55. Kf6 c3 56. Rc5 Kh7 57. Rc7+ Kg8 58. Rc8+ Kh7 59. f5 Rg5 60. Rc7+ Kg8 61. Rxc3 Rxh5 62. Rc8+ Kh7 63. Ke6 Rh1 64. Kf7 Rf1 65. f6 Ra1 66. Kf8 Rf1 67. Rc7+ Kg6 68. Rg7+ Kh5 69. f7 Kh4 70. Rg6 h5 71. Kg7 1-0

[Event "Arctic Chess Challenge"]
[Site "Tromsoe"]
[Date "2009.08.02"]
[Round "2"]
[White "Groetz, Harald"]
[Black "Pettersson, Tobias"]
[Result "0-1"]
[WhiteElo "2350"]
[BlackElo "2138"]
[PlyCount "52"]
[EventDate "2009.08.01"]
[EventType "swiss"]
[EventRounds "9"]
[EventCountry "NOR"]
[SourceTitle "CBM 131 Extra"]
[Source "ChessBase"]
[SourceDate "2009.09.03"]
[SourceVersion "2"]
[SourceVersionDate "2009.09.16"]
[SourceQuality "1"]

1. e4 d6 2. d4 Nf6 3. Nc3 c6 4. f4 Qa5 5. Bd3 e5 6. Nf3 Nbd7 7. 0-0 Be7 8. a3 Qc7 9. Be3 0-0 10. Kh1 b6 11. Qd2 exd4 12. Bxd4 Nc5 13. e5 Nfd7 14. Bc4 Ba6 15. Bxa6 Nxa6 16. exd6 Bxd6 17. Ng5 h6 18. Nge4 Bc5 19. Rad1 Bxd4 20. Qxd4 Ndc5 21. Nd6 Rad8 22. f5 Nb7 23. Nce4 Nac5 24. f6 Nxe4 25. fxg7 Rfe8 26. Qe3 Rxd6 0-1

[Event "Arctic Chess Challenge"]
[Site "Tromsoe"]
[Date "2007.08.10"]
[Round "7"]
[White "Brodsky, Michail"]
[Black "Pettersson, Tobias"]
[Result "1-0"]
[WhiteElo "2595"]
[BlackElo "2122"]
[PlyCount "149"]
[EventDate "2007.08.04"]
[EventType "swiss"]
[EventRounds "9"]
[EventCountry "NOR"]
[SourceTitle "CBM 119 Extra"]
[Source "ChessBase"]
[SourceDate "2007.09.04"]
[SourceVersion "1"]
[SourceVersionDate "2007.09.04"]
[SourceQuality "1"]

1. d4 d6 2. Nf3 g6 3. c4 Nf6 4. Nc3 Bg7 5. e4 0-0 6. Be2 e5 7. Be3 Ng4 8. Bg5 f6 9. Bh4 g5 10. Bg3 Nh6 11. dxe5 fxe5 12. h4 g4 13. Nh2 Nc6 14. Nxg4 Nxg4 15. Bxg4 Bh6 16. Bxc8 Rxc8 17. f3 Kh8 18. Bf2 Qf6 19. Nd5 Qf7 20. Qd3 Nd8 21. Ne3 Bxe3 22. Bxe3 Rg8 23. Qc2 Ne6 24. 0-0-0 b6 25. Kb1 Rg3 26. Qf2 Rg6 27. h5 Rg7 28. Rh2 a5 29. g3 Ng5 30. h6 Rg6 31. Bxg5 Rxg5 32. Rc1 Rf8 33. Rc3 Qg6 34. Rg2 Rg8 35. g4 Qxh6 36. a3 Rf8 37. Ka2 Qe6 38. Rh2 Qf6 39. Qh4 Rg7 40. Qe1 Qe7 41. Rh5 Rg5 42. Rh3 Rf7 43. Qh1 Qf8 44. Rc2 Qg8 45. Ka1 Rfg7 46. Rch2 R5g6 47. Qc1 Rg5 48. Qc3 Qf7 49. Rd2 Qf8 50. Qc1 Qf4 51. Qd1 Qf7 52. Rc2 Qe6 53. Qh1 Qf7 54. Rch2 Qg8 55. Qc1 Qd8 56. Rh6 R5g6 57. R2h5 Qg8 58. Rxg6 Rxg6 59. Rf5 Qd8 60. g5 Qe7 61. Ka2 Kg8 62. Kb3 Rg7 63. Qd2 c6 64. Qe3 Qc7 65. f4 exf4 66. Qxf4 Rf7 67. Kc3 Rxf5 68. exf5 Qe7 69. Kd2 Kf7 70. b3 Kg8 71. Qe3 Qd7 72. Qe4 Qf7 73. Ke3 d5 74. cxd5 cxd5 75. Qe6 1-0

[Event "Arctic Chess Challenge"]
[Site "Tromsoe"]
[Date "2007.08.08"]
[Round "5"]
[White "Pettersson, Tobias"]
[Black "Suarez Pousa, Diego"]
[Result "1/2-1/2"]
[WhiteElo "2122"]
[BlackElo "2418"]
[PlyCount "153"]
[EventDate "2007.08.04"]
[EventType "swiss"]
[EventRounds "9"]
[EventCountry "NOR"]
[SourceTitle "CBM 119 Extra"]
[Source "ChessBase"]
[SourceDate "2007.09.04"]
[SourceVersion "1"]
[SourceVersionDate "2007.09.04"]
[SourceQuality "1"]

1. Nf3 Nf6 2. g3 d5 3. c4 e6 4. Bg2 Be7 5. b3 0-0 6. Bb2 a5 7. Nc3 c6 8. e3 b6 9. 0-0 Ba6 10. d3 b5 11. cxd5 cxd5 12. Ne5 Nfd7 13. Nxd7 Nxd7 14. Rc1 Nc5 15. Ne2 b4 16. Nf4 Rc8 17. Re1 Bg5 18. Bf1 Re8 19. Bd4 Nd7 20. Rxc8 Bxc8 21. Bb2 Bb7 22. Nh3 Be7 23. Qf3 e5 24. Rc1 Bf6 25. d4 Qb6 26. Qg4 Bc6 27. dxe5 Nxe5 28. Bxe5 Bxe5 29. Qf5 g6 30. Qd3 Rd8 31. Ng5 d4 32. e4 Qb7 33. Nxf7 Kxf7 34. Qc4+ Kg7 35. Qxc6 Qxc6 36. Rxc6 d3 37. Rc1 g5 38. Rd1 d2 39. Bc4 g4 40. Kg2 Kf6 41. h3 h5 42. Be2 Kg5 43. hxg4 hxg4 44. Rh1 Rc8 45. Bc4 a4 46. Rd1 Bc3 47. Kf1 a3 48. Ke2 Rf8 49. e5 Rf5 50. e6 Re5+ 51. Kd3 Re1 52. Kc2 Kf6 53. Ba6 Ke7 54. Bb7 Kd6 55. f3 gxf3 56. Bxf3 Kxe6 57. Bg4+ Ke5 58. Bf3 Kd4 59. Bh5 Ke3 60. Bg4 Kf2 61. Bf5 Kxg3 62. Bg6 Kf2 63. Bd3 Ke3 64. Bc4 Bb2 65. Ba6 Bc1 66. Bb5 Kd4 67. Bd7 Rxd1 68. Kxd1 Kc3 69. Bg4 Kb2 70. Bh5 Kb1 71. Bg4 Bb2 72. Kxd2 Bc3+ 73. Kd1 Kxa2 74. Kc2 Ka1 75. Bh5 a2 76. Bg4 Bg7 77. Bh5 1/2-1/2